[Event "Oberwart op"]
[Site "Oberwart"]
[Date "1992.??.??"]
[Round "7"]
[White "Cvitan, Ognjen"]
[Black "Vigh, Bela"]
[Result "1/2-1/2"]
[WhiteElo "2550"]
[BlackElo "2360"]
[PlyCount "106"]
[EventDate "1992.07.??"]
[EventType "swiss"]
[EventRounds "9"]
[EventCountry "AUT"]
[Source "Fruth,M"]
[SourceDate "2003.05.15"]

1. d4 d5 2. c4 e6 3. Nc3 c5 4. cxd5 cxd4 5. Qxd4 Nc6 6. Qd1 exd5 7. Qxd5 Bd7 8.
e3 Nf6 9. Qb3 Bc5 10. Nf3 Qe7 11. Be2 O-O-O 12. O-O g5 13. Rd1 g4 14. Nd4 Qe5
15. Bd2 Nxd4 16. exd4 Bxd4 17. Rac1 Bc6 18. Bb5 Bxf2+ 19. Kh1 Bb6 20. Bxc6 bxc6
21. Re1 Qd6 22. Be3 Bxe3 23. Rxe3 Rd7 24. Ree1 Rc7 25. Rcd1 Re7 26. Rf1 Qe6 27.
Qb4 Ne4 28. Nxe4 Qxe4 29. Rd4 Qe2 30. Rc1 Re6 31. Rd6 Qa6 32. Rxe6 fxe6 33. Qd6
Kb7 34. Qd7+ Kb8 35. Qxe6 Rc8 36. Qxg4 Qxa2 37. Qf4+ Kb7 38. Qb4+ Ka8 39. Qd4
Kb7 40. b4 Qd5 41. Qxd5 cxd5 42. Rxc8 Kxc8 43. g4 Kd7 44. Kg2 Ke6 45. Kf3 Ke5
46. Ke3 d4+ 47. Kd3 Kf4 48. Kxd4 Kxg4 49. Kc5 Kh3 50. Kb5 Kxh2 51. Ka6 Kg2 52.
b5 h5 53. Kxa7 h4 1/2-1/2

[Event "GER-ch TT Bundesliga 2 O 199293"]
[Site "GER"]
[Date "1992.??.??"]
[Round "?"]
[White "Wallinger, Manfred"]
[Black "Orlowski, Juergen"]
[Result "0-1"]
[WhiteElo "2240"]
[BlackElo "2275"]
[PlyCount "76"]
[EventDate "1992.10.??"]
[EventType "team"]
[EventRounds "9"]
[EventCountry "GER"]
[Source "Fruth,M"]
[SourceDate "2003.05.15"]

1. d4 d5 2. c4 e6 3. Nc3 c5 4. cxd5 cxd4 5. Qa4+ Bd7 6. Qxd4 exd5 7. Qxd5 Nf6
8. Qd1 Nc6 9. Nf3 Bc5 10. e3 Qe7 11. Be2 g5 12. O-O g4 13. Nd4 h5 14. Ncb5
O-O-O 15. b4 Nxd4 16. Nxd4 Bd6 17. Bb2 Ne4 18. b5 Kb8 19. Rb1 Qh4 20. f4 g3 21.
h3 Nf2 22. Qb3 Nxh3+ 23. gxh3 Qxh3 24. Nf3 Bg4 25. Qc2 Bc5 26. Bd4 Bxf3 27.
Bxf3 Rxd4 28. Rb2 Bb6 29. Re1 Rxf4 30. Qc3 Rc8 31. Qe5+ Bc7 32. Qd5 Rxf3 33.
Qxf3 Be5 34. Rd2 Bc3 35. Rc1 Bxd2 36. Qf4+ Ka8 37. Rxc8+ Qxc8 38. Qxg3 Qg4 0-1

[Event "Debrecen B IT"]
[Site "Debrecen"]
[Date "1993.??.??"]
[Round "5"]
[White "Csomos, Roland"]
[Black "Kiss, Pal"]
[Result "0-1"]
[WhiteElo "2345"]
[BlackElo "2390"]
[PlyCount "72"]
[EventDate "1993.??.??"]
[EventType "tourn"]
[EventRounds "9"]
[EventCountry "HUN"]
[EventCategory "2"]
[Source "Fruth,M"]
[SourceDate "2003.05.15"]

1. d4 d5 2. c4 e6 3. Nc3 c5 4. cxd5 cxd4 5. Qxd4 Nc6 6. Qd1 exd5 7. e3 Nf6 8.
Nf3 Bd6 9. Be2 O-O 10. O-O a6 11. b3 Re8 12. Bb2 Bc7 13. Na4 Ne4 14. Rc1 Qd6
15. Nc3 Nf6 16. Nb1 Ng4 17. g3 Qh6 18. Qxd5 Nxe3 19. fxe3 Qxe3+ 20. Kh1 Qxe2
21. Rce1 Be6 22. Rxe2 Bxd5 23. Rxe8+ Rxe8 24. Nc3 Be6 25. Ng5 Be5 26. Nxe6 Rxe6
27. Na4 Bxb2 28. Nxb2 Re2 29. Nc4 b5 30. Nd6 Ne5 31. a4 bxa4 32. bxa4 f6 33.
Nb7 Rc2 34. Kg1 Kf7 35. h3 Ke6 36. Rb1 Nf3+ 0-1

[Event "Debrecen C IT"]
[Site "Debrecen"]
[Date "1993.??.??"]
[Round "1"]
[White "Kovacs, Lajos D"]
[Black "Donka, Peter"]
[Result "1/2-1/2"]
[WhiteElo "2220"]
[BlackElo "2215"]
[PlyCount "76"]
[EventDate "1993.??.??"]
[EventType "tourn"]
[EventRounds "9"]
[EventCountry "HUN"]
[Source "Fruth,M"]
[SourceDate "2003.05.15"]

1. d4 d5 2. c4 e6 3. Nc3 c5 4. cxd5 cxd4 5. Qxd4 Nc6 6. Qd1 exd5 7. e3 Nf6 8.
Nf3 Bd6 9. Be2 O-O 10. O-O a6 11. b3 Bc7 12. Bb2 Bg4 13. h3 Bh5 14. Nd4 Qd6 15.
g3 Bg6 16. Bf3 Ne5 17. Bg2 h5 18. a4 Rfe8 19. h4 Neg4 20. Nce2 Ne4 21. Nf3 Rad8
22. Nf4 Bb6 23. Bd4 Nxg3 24. fxg3 Nxe3 25. Qd2 Nxf1 26. Rxf1 Rc8 27. Nxg6 Qxg6
28. Bxb6 Qxb6+ 29. Nd4 Qc5 30. Kh2 g6 31. Qf4 Qc7 32. Bxd5 Qxf4 33. Rxf4 Rc7
34. Bc4 Kg7 35. Kg2 Rce7 36. g4 hxg4 37. Rxg4 Kh6 38. Nf3 Rd8 1/2-1/2

[Event "EU-ch U18"]
[Site "Vejen"]
[Date "1993.??.??"]
[Round "4"]
[White "Hedman, Erik"]
[Black "Vedder, Henk"]
[Result "0-1"]
[WhiteElo "2255"]
[BlackElo "2385"]
[PlyCount "50"]
[EventDate "1993.??.??"]
[EventType "swiss"]
[EventRounds "11"]
[EventCountry "DEN"]
[Source "Fruth,M"]
[SourceDate "2003.05.15"]

1. d4 d5 2. c4 e6 3. Nc3 c5 4. cxd5 cxd4 5. Qa4+ Bd7 6. Qxd4 exd5 7. Qxd5 Nc6
8. Nf3 Nf6 9. Qd1 Bc5 10. e3 Qe7 11. a3 O-O 12. Be2 Rad8 13. O-O Rfe8 14. b4
Bd6 15. Nb5 Bb8 16. Nbd4 Bg4 17. Bb2 Ne4 18. Qc2 Rd6 19. b5 Rh6 20. g3 Nxd4 21.
Bxd4 Qe6 22. h4 Qf5 23. Qd1 Bh3 24. Nh2 Rg6 25. h5 Bxg3 0-1

[Event "Eger IT"]
[Site "Eger"]
[Date "1993.??.??"]
[Round "2"]
[White "Nickl, Klaus"]
[Black "Meszaros, Andras"]
[Result "0-1"]
[WhiteElo "2220"]
[BlackElo "2390"]
[PlyCount "46"]
[EventDate "1993.??.??"]
[EventType "tourn"]
[EventRounds "11"]
[EventCountry "HUN"]
[EventCategory "3"]
[Source "Fruth,M"]
[SourceDate "2003.05.15"]

1. d4 d5 2. c4 e6 3. Nc3 c5 4. cxd5 cxd4 5. Qxd4 Nc6 6. Qd1 exd5 7. Qxd5 Bd7 8.
Nf3 Nf6 9. Qd1 Bc5 10. e3 Qe7 11. a3 O-O-O 12. Qc2 g5 13. b4 g4 14. Nb5 Bxb4+
15. axb4 gxf3 16. Nxa7+ Kb8 17. Nxc6+ Bxc6 18. g3 Ne4 19. Rb1 Ba4 20. Rb3 Rc8
21. Bc4 b5 22. Qb2 Bxb3 23. Bxb3 Rxc1+ 0-1

[Event "HUN-ch TT"]
[Site "HUN"]
[Date "1993.??.??"]
[Round "?"]
[White "Halasz, Tamas"]
[Black "Laszlo, Janos"]
[Result "1/2-1/2"]
[WhiteElo "2385"]
[BlackElo "2305"]
[PlyCount "32"]
[EventDate "1993.??.??"]
[EventType "team"]
[EventRounds "14"]
[EventCountry "HUN"]
[Source "Fruth,M"]
[SourceDate "2003.05.15"]

1. d4 d5 2. c4 e6 3. Nc3 c5 4. cxd5 cxd4 5. Qa4+ Bd7 6. Qxd4 exd5 7. Qxd5 Nf6
8. Qd1 Nc6 9. Nf3 Bc5 10. e3 Qe7 11. Be2 O-O 12. O-O Rfd8 13. Nd4 Qe5 14. Bf3
Bxd4 15. exd4 Nxd4 16. Be3 Nxf3+ 1/2-1/2

[Event "HUN-ch TT"]
[Site "HUN"]
[Date "1993.??.??"]
[Round "?"]
[White "Vegh, Endre"]
[Black "Laszlo, Janos"]
[Result "1-0"]
[WhiteElo "2385"]
[BlackElo "2305"]
[PlyCount "57"]
[EventDate "1993.??.??"]
[EventType "team"]
[EventRounds "14"]
[EventCountry "HUN"]
[Source "Fruth,M"]
[SourceDate "2003.05.15"]

1. d4 d5 2. c4 e6 3. Nc3 c5 4. cxd5 cxd4 5. Qa4+ Bd7 6. Qxd4 exd5 7. Qxd5 Nf6
8. Qd1 Nc6 9. Nf3 Bc5 10. e3 Qe7 11. a3 O-O 12. Qc2 Rac8 13. Be2 Rfd8 14. O-O
Ne5 15. b4 Bb6 16. Bb2 Nfg4 17. Rad1 Be6 18. Nxe5 Nxe5 19. b5 Bd7 20. Qe4 Ng6
21. Qxb7 Nh4 22. Nd5 Qe6 23. Nf4 Qe8 24. a4 Rb8 25. Qd5 Nf5 26. Qe5 Qf8 27.
Rxd7 Rxd7 28. Qxf5 Rd2 29. Bd3 1-0

[Event "HUN-ch TT 199394"]
[Site "HUN"]
[Date "1994.??.??"]
[Round "?"]
[White "Lengyel, Levente"]
[Black "Laszlo, Janos"]
[Result "1-0"]
[WhiteElo "2385"]
[BlackElo "2280"]
[PlyCount "63"]
[EventDate "1993.??.??"]
[EventType "team"]
[EventCountry "HUN"]
[Source "Fruth,M"]
[SourceDate "2003.05.15"]

1. d4 d5 2. c4 e6 3. Nc3 c5 4. cxd5 cxd4 5. Qa4+ Bd7 6. Qxd4 exd5 7. Nf3 Nc6 8.
Qxd5 Nf6 9. Qd1 Bc5 10. e3 Qe7 11. Be2 O-O 12. O-O Rfd8 13. a3 Rac8 14. Qc2 Ne5
15. Nd4 h5 16. Nf5 Qe6 17. Nd4 Qe7 18. Nf5 Qe6 19. Nd4 Qe7 20. Bd2 Nfg4 21. h3
Qh4 22. hxg4 hxg4 23. Qe4 Rc6 24. g3 Qh5 25. Qh1 Qg6 26. Nd5 Qg5 27. Qh4 Qxh4
28. gxh4 Rh6 29. b4 Bd6 30. e4 Rh5 31. Bf4 f6 32. Bg3 1-0

[Event "La Coruna T"]
[Site "La Coruna"]
[Date "1993.??.??"]
[Round "6"]
[White "Paramos Dominguez, Roberto"]
[Black "Glavina Rossi, Pablo"]
[Result "1-0"]
[WhiteElo "2315"]
[BlackElo "2420"]
[PlyCount "120"]
[EventDate "1993.??.??"]
[EventType "tourn"]
[EventRounds "9"]
[EventCountry "ESP"]
[Source "Fruth,M"]
[SourceDate "2003.05.15"]

1. d4 d5 2. c4 e6 3. Nc3 c5 4. cxd5 cxd4 5. Qxd4 Nc6 6. Qd1 exd5 7. Qxd5 Bd7 8.
Bg5 Nf6 9. Qd2 Bb4 10. a3 Qa5 11. Bxf6 gxf6 12. Rc1 Be7 13. Nf3 Be6 14. Ne4 Qf5
15. Ng3 Qg6 16. e3 Rd8 17. Qc2 h5 18. h4 Bd5 19. Bd3 Qg4 20. Bf5 Qg7 21. Be4
Kf8 22. Bxd5 Rxd5 23. Qe4 Rd7 24. O-O Qg4 25. Rc4 Rg8 26. Qf5 Qxc4 27. Qxd7 Qb3
28. Rd1 Kg7 29. Qd5 Qxb2 30. Nf5+ Kf8 31. Nxe7 Kxe7 32. Qc5+ Ke8 33. Nd4 Qb6
34. Nxc6 Qxc6 35. Qxc6+ bxc6 36. Rd6 Rg4 37. Rxc6 Ra4 38. Rxf6 Rxa3 39. Rf5
Ra1+ 40. Kh2 a5 41. Rxh5 Ke7 42. Rb5 Kf6 43. Kg3 Kg6 44. Kf4 Ra4+ 45. e4 Ra2
46. Kg3 f6 47. f3 Kh6 48. Kh3 Kg6 49. g3 a4 50. Ra5 a3 51. Kg4 Ra1 52. h5+ Kh6
53. Ra6 Kg7 54. Kf5 a2 55. Ra7+ Kh6 56. f4 Rg1 57. Rxa2 Rxg3 58. Ra7 Rf3 59.
Rf7 Rxf4+ 60. Kxf4 f5 1-0

[Event "Maffeis mem T"]
[Site "Cordoba"]
[Date "1993.??.??"]
[Round "6"]
[White "Gimenez, Ismael"]
[Black "Bertona, Fernando"]
[Result "0-1"]
[WhiteElo "2230"]
[BlackElo "2320"]
[PlyCount "60"]
[EventDate "1993.??.??"]
[EventType "tourn"]
[EventRounds "9"]
[EventCountry "ESP"]
[Source "Fruth,M"]
[SourceDate "2003.05.15"]

1. d4 d5 2. c4 e6 3. Nc3 c5 4. cxd5 cxd4 5. Qa4+ Bd7 6. Qxd4 exd5 7. Qxd5 Nc6
8. Nf3 Nf6 9. Qd1 Bc5 10. e3 Qe7 11. Be2 O-O-O 12. O-O g5 13. Nd4 g4 14. b4
Bxb4 15. Ncb5 Kb8 16. Rb1 a6 17. a3 Bc5 18. Nc3 Nxd4 19. exd4 Bf5 20. Bf4+ Ka8
21. Bxa6 Rxd4 22. Rxb7 Rxd1 23. Rxd1 Qe6 24. Rc7 Qxa6 25. Rxc5 Rc8 26. Rxf5
Rxc3 27. Be5 Qd3 28. Rf1 Rb3 29. Rxf6 Rb1 30. Ra6+ Kb7 0-1

[Event "NED-ch sfin"]
[Site "Enschede"]
[Date "1993.??.??"]
[Round "8"]
[White "Hoeksema, Hendrik Pieter"]
[Black "Van der Werf, Mark"]
[Result "1-0"]
[WhiteElo "2405"]
[BlackElo "2395"]
[PlyCount "91"]
[EventDate "1993.??.??"]
[EventType "swiss"]
[EventRounds "9"]
[EventCountry "NED"]
[Source "Fruth,M"]
[SourceDate "2003.05.15"]

1. d4 d5 2. c4 e6 3. Nc3 c5 4. cxd5 cxd4 5. Qxd4 Nc6 6. Qd1 exd5 7. Qxd5 Bd7 8.
Nf3 Nf6 9. Qd1 Bc5 10. a3 Qe7 11. b4 Bb6 12. Bg5 Be6 13. e3 Rd8 14. Qc1 h6 15.
Bh4 Bf5 16. Bxf6 Qxf6 17. Be2 O-O 18. O-O Ne5 19. Na4 Rc8 20. Qb2 Bc7 21. Nd4
Ng4 22. Nxf5 Qxf5 23. Bxg4 Qxg4 24. Rac1 b6 25. Qb3 Be5 26. Nb2 h5 27. Nd3 Bb8
28. b5 Qg5 29. a4 Rce8 30. Rc6 h4 31. h3 Rd8 32. Qc4 Rfe8 33. Re1 Qf5 34. e4
Qd7 35. Re3 Qd4 36. e5 Qxc4 37. Rxc4 f6 38. Rxh4 fxe5 39. Rhe4 Rf8 40. f3 Bd6
41. Re1 Rc8 42. Nxe5 Rc2 43. Nc6 a6 44. Nd4 Bc5 45. Kh1 axb5 46. Nxc2 1-0

[Event "Prague"]
[Site "Prague"]
[Date "1993.??.??"]
[Round "?"]
[White "Bronznik, Valerij"]
[Black "Cech, Pavel"]
[Result "0-1"]
[WhiteElo "2250"]
[BlackElo "2315"]
[PlyCount "58"]
[EventDate "1993.09.??"]
[EventType "tourn"]
[EventRounds "9"]
[EventCountry "CZE"]
[EventCategory "10"]
[Source "Fruth,M"]
[SourceDate "2003.05.15"]

1. d4 d5 2. c4 e6 3. Nc3 c5 4. cxd5 cxd4 5. Qa4+ Bd7 6. Qxd4 exd5 7. Qxd5 Nf6
8. Qd1 Bc5 9. e3 Nc6 10. Nf3 Qe7 11. Be2 O-O-O 12. O-O g5 13. b4 Bxb4 14. Bb2
g4 15. Nd4 h5 16. Ncb5 Kb8 17. Qa4 a6 18. Nxc6+ Bxc6 19. Bxf6 Qe4 20. f3 Qxe3+
21. Kh1 Qxe2 22. Qxb4 Rd2 23. Qf4+ Ka8 24. Nc7+ Ka7 25. Bd4+ b6 26. Bf2 gxf3
27. g3 Rhd8 28. Rab1 Qxf2 29. Nb5+ Ka8 0-1

[Event "SLO-ch TT"]
[Site "SLO"]
[Date "1993.??.??"]
[Round "?"]
[White "Sitnik, Igor"]
[Black "Truta, Srecko"]
[Result "1/2-1/2"]
[WhiteElo "2230"]
[BlackElo "2270"]
[PlyCount "98"]
[EventDate "1993.??.??"]
[EventType "team"]
[EventRounds "7"]
[EventCountry "SLO"]
[Source "Fruth,M"]
[SourceDate "2003.05.15"]

1. d4 d5 2. c4 e6 3. Nc3 c5 4. cxd5 cxd4 5. Qxd4 Nc6 6. Qa4 exd5 7. e3 Nf6 8.
Nf3 Bd7 9. Be2 Bc5 10. O-O Nd4 11. Qd1 Nxe2+ 12. Nxe2 a6 13. b3 Qe7 14. Bb2 Rd8
15. Rc1 Bd6 16. Qd4 O-O 17. Ng3 Rfe8 18. Rfd1 Bg4 19. Rd2 Qf8 20. Qb6 Ne4 21.
Nxe4 dxe4 22. Nd4 Rd7 23. h3 Be6 24. Rdc2 Be5 25. Qa5 Rd5 26. Qa4 Bxd4 27. Bxd4
Red8 28. Rc5 Qe7 29. Qb4 h6 30. Rxd5 Qxb4 31. Rxd8+ Kh7 32. Rc2 Qe1+ 33. Kh2
Qd1 34. Rc7 Qe2 35. Rxb7 Qxf2 36. Rd6 Qf5 37. Rc7 h5 38. Rc5 Qg6 39. h4 Qg4 40.
Rc1 Qxh4+ 41. Kg1 Qg3 42. Rdc6 h4 43. Rc7 h3 44. R1c2 Kg6 45. R7c6 Kh5 46.
R6c5+ g5 47. Re5 Bg4 48. Re8 h2+ 49. Kh1 Qe1+ 1/2-1/2

[Event "Stockerau op"]
[Site "Stockerau"]
[Date "1993.??.??"]
[Round "9"]
[White "Svitek, Jiri"]
[Black "Cech, Pavel"]
[Result "0-1"]
[WhiteElo "2180"]
[BlackElo "2315"]
[PlyCount "82"]
[EventDate "1993.??.??"]
[EventType "swiss"]
[EventRounds "9"]
[EventCountry "AUT"]
[Source "Fruth,M"]
[SourceDate "2003.05.15"]

1. d4 d5 2. c4 e6 3. Nc3 c5 4. cxd5 cxd4 5. Qxd4 Nc6 6. Qd1 exd5 7. Qxd5 Bd7 8.
Nf3 Nf6 9. Qd1 Bc5 10. e3 Qe7 11. Be2 O-O-O 12. Bd2 g5 13. a3 g4 14. Ng1 Ne5
15. b4 Bc6 16. bxc5 Bxg2 17. Qa4 Qd7 18. Qxd7+ Rxd7 19. Nb5 Ne4 20. Nd6+ Nxd6
21. cxd6 Bxh1 22. Bc3 Re8 23. Bxe5 Rxe5 24. Bxg4 f5 25. Bh3 Rxd6 26. Ne2 Bf3
27. Ng3 Bg4 28. Bxg4 fxg4 29. Ke2 h5 30. Rc1+ Rc6 31. Rxc6+ bxc6 32. Kd3 h4 33.
Ne4 Ra5 34. Nf6 Rxa3+ 35. Ke4 Ra2 36. Nxg4 Ra4+ 37. Kf5 Rxg4 38. Kxg4 a5 39. f4
a4 40. f5 a3 41. f6 Kd7 0-1

[Event "Szeged op"]
[Site "Szeged"]
[Date "1993.??.??"]
[Round "7"]
[White "Fokin, Sergey"]
[Black "Meszaros, Andras"]
[Result "0-1"]
[WhiteElo "2400"]
[BlackElo "2390"]
[PlyCount "84"]
[EventDate "1993.??.??"]
[EventType "swiss"]
[EventRounds "9"]
[EventCountry "HUN"]
[Source "Fruth,M"]
[SourceDate "2003.05.15"]

1. d4 d5 2. c4 e6 3. Nc3 c5 4. cxd5 cxd4 5. Qa4+ Bd7 6. Qxd4 exd5 7. Qxd5 Nc6
8. e3 Nf6 9. Qb3 Bc5 10. Nf3 Qe7 11. Be2 O-O-O 12. O-O g5 13. Nd4 Bxd4 14. exd4
Nxd4 15. Qc4+ Bc6 16. Bd1 Kb8 17. a4 Rhg8 18. Be3 Qe5 19. Re1 h5 20. f3 g4 21.
Bf2 Qf5 22. Bg3+ Ka8 23. Re5 Qd7 24. f4 Nf3+ 25. gxf3 gxf3 26. Bxf3 Bxf3 27.
Qf1 Qc6 28. Rc1 Rd2 29. Nd5 Rg2+ 30. Qxg2 Qxc1+ 31. Qf1 Qxf1+ 32. Kxf1 Bxd5 33.
Bh4 Bc4+ 34. Ke1 Nd5 35. Rxh5 Nxf4 36. Rg5 Re8+ 37. Kd2 Nd5 38. Bg3 Re2+ 39.
Kc1 b6 40. h4 Rg2 41. h5 Nb4 42. h6 Rc2+ 0-1

[Event "Tel Aviv IT"]
[Site "Tel Aviv"]
[Date "1993.??.??"]
[Round "?"]
[White "Haimovich, Tal"]
[Black "Shrentzel, Israel"]
[Result "1/2-1/2"]
[WhiteElo "2280"]
[BlackElo "2350"]
[PlyCount "29"]
[EventDate "1993.??.??"]
[EventType "tourn"]
[EventRounds "11"]
[EventCountry "ISR"]
[EventCategory "4"]
[Source "Fruth,M"]
[SourceDate "2003.05.15"]

1. d4 d5 2. c4 e6 3. Nc3 c5 4. cxd5 cxd4 5. Qxd4 Nc6 6. Qa4 exd5 7. Nf3 Bb4 8.
Bd2 Nf6 9. Ne5 Qd6 10. Bf4 Bxc3+ 11. bxc3 Qc5 12. Rc1 O-O 13. Nxc6 bxc6 14. e3
Re8 15. Bd3 1/2-1/2

[Event "Zalakaros op"]
[Site "Zalakaros"]
[Date "1993.??.??"]
[Round "9"]
[White "Pesztericz, Laszlo"]
[Black "Meszaros, Andras"]
[Result "0-1"]
[WhiteElo "2245"]
[BlackElo "2345"]
[PlyCount "50"]
[EventDate "1993.??.??"]
[EventType "swiss"]
[EventRounds "9"]
[EventCountry "HUN"]
[Source "Fruth,M"]
[SourceDate "2003.05.15"]

1. d4 d5 2. c4 e6 3. Nc3 c5 4. cxd5 cxd4 5. Qa4+ Bd7 6. Qxd4 exd5 7. Nxd5 Nc6
8. Qe4+ Be6 9. Nc3 Nf6 10. Qa4 Bc5 11. e3 O-O 12. Nf3 a6 13. Be2 b5 14. Qc2 Rc8
15. O-O Ba7 16. a3 Na5 17. e4 Nb3 18. Rb1 Qc7 19. Bg5 Ng4 20. g3 Qc5 21. Bd3 h6
22. Bf4 Rfd8 23. Rbd1 Qh5 24. h4 Nxf2 25. Kg2 Bh3+ 0-1

[Event "Budapest FS03 IM IT"]
[Site "Budapest"]
[Date "1993.??.??"]
[Round "6"]
[White "Portisch, Ferenc"]
[Black "Truta, Srecko"]
[Result "0-1"]
[WhiteElo "2400"]
[BlackElo "2310"]
[PlyCount "52"]
[EventDate "1993.03.??"]
[EventType "tourn"]
[EventRounds "11"]
[EventCountry "HUN"]
[EventCategory "4"]
[Source "Fruth,M"]
[SourceDate "2003.05.15"]

1. d4 d5 2. c4 e6 3. Nc3 c5 4. cxd5 cxd4 5. Qa4+ Bd7 6. Qxd4 exd5 7. Qxd5 Nc6
8. e3 Nf6 9. Qd1 Bc5 10. Nf3 Qe7 11. Be2 O-O-O 12. O-O g5 13. b4 g4 14. bxc5
gxf3 15. Bxf3 Ne5 16. Be2 Rhg8 17. g3 Bc6 18. Qc2 Qe6 19. e4 Qh3 20. Bf4 Neg4
21. Bxg4+ Rxg4 22. Qc1 Nh5 23. Ne2 Rdg8 24. f3 Nxf4 25. Qxf4 Rxf4 26. Nxf4 Qh6
0-1

[Event "Biel op"]
[Site "Biel"]
[Date "1993.??.??"]
[Round "1"]
[White "Sadler, Matthew"]
[Black "Boog, Alexandre"]
[Result "1-0"]
[WhiteElo "2535"]
[BlackElo "2290"]
[PlyCount "61"]
[EventDate "1993.07.??"]
[EventType "swiss"]
[EventRounds "11"]
[EventCountry "SUI"]
[Source "Fruth,M"]
[SourceDate "2003.05.15"]

1. d4 d5 2. c4 e6 3. Nc3 c5 4. cxd5 cxd4 5. Qa4+ Bd7 6. Qxd4 exd5 7. Qxd5 Nc6
8. Nf3 Nf6 9. Qd1 Bc5 10. e3 Qe7 11. a3 O-O-O 12. Qc2 Kb8 13. Be2 g5 14. b4 Bd6
15. Bb2 Rhg8 16. Rd1 g4 17. Nd4 Nxd4 18. Rxd4 Bc6 19. O-O g3 20. hxg3 Rxg3 21.
fxg3 Qxe3+ 22. Rf2 Qxd4 23. Nb5 Qe4 24. Qxe4 Nxe4 25. Nxd6 Nxd6 26. Be5 Bd5 27.
Bg4 Ka8 28. Bxd6 Rxd6 29. Rd2 a5 30. Bf3 axb4 31. Bxd5 1-0

[Event "Berliner Sommer op"]
[Site "Berlin"]
[Date "1993.??.??"]
[Round "2"]
[White "Soffer, Ram"]
[Black "Elsen, Mark"]
[Result "1-0"]
[WhiteElo "2450"]
[BlackElo "2230"]
[PlyCount "61"]
[EventDate "1993.08.??"]
[EventType "swiss"]
[EventRounds "9"]
[EventCountry "GER"]
[Source "Fruth,M"]
[SourceDate "2003.05.15"]

1. c4 e6 2. Nc3 d5 3. d4 c5 4. cxd5 cxd4 5. Qa4+ Bd7 6. Qxd4 exd5 7. Qxd5 Nc6
8. Nf3 Nf6 9. Qd1 Bc5 10. e3 Qe7 11. a3 O-O-O 12. Qc2 Kb8 13. Be2 g5 14. b4 g4
15. Nd2 Bd6 16. Bb2 Ne5 17. Nb3 Rc8 18. Nd4 Nc4 19. Bxc4 Rxc4 20. Nf5 Bxf5 21.
Qxf5 Rhc8 22. Nb5 Bxb4+ 23. Kf1 R8c5 24. Qxf6 Rc1+ 25. Rxc1 Rxc1+ 26. Ke2 Qd7
27. Qe5+ Bd6 28. Rxc1 Bxe5 29. Bxe5+ Ka8 30. Nc7+ Kb8 31. Rd1 1-0

[Event "GER-ch TT Bundesliga S 199394"]
[Site "GER"]
[Date "1994.??.??"]
[Round "?"]
[White "Trettin, Ulrich"]
[Black "Raedeker, Bernd"]
[Result "0-1"]
[WhiteElo "2280"]
[BlackElo "2180"]
[PlyCount "46"]
[EventDate "1993.10.??"]
[EventType "team"]
[EventRounds "9"]
[EventCountry "GER"]
[Source "Fruth,M"]
[SourceDate "2003.05.15"]

1. d4 d5 2. c4 e6 3. Nc3 c5 4. cxd5 cxd4 5. Qa4+ Bd7 6. Qxd4 exd5 7. Qxd5 Nc6
8. Nf3 Nf6 9. Qd1 Bc5 10. e3 Qe7 11. Be2 O-O 12. O-O Rfd8 13. Nd5 Nxd5 14. Qxd5
Bg4 15. Qb3 Rac8 16. Rd1 Ne5 17. e4 Rxd1+ 18. Bxd1 Be6 19. Qc2 Ng4 20. Qe2
Bxf2+ 21. Kh1 Bb6 22. h3 Nf2+ 23. Kh2 Qd6+ 0-1

[Event "Budapest FS12 IM A IT"]
[Site "Budapest"]
[Date "1993.??.??"]
[Round "1"]
[White "Mensch, Etienne"]
[Black "Toh, Terry"]
[Result "1-0"]
[WhiteElo "2210"]
[BlackElo "2300"]
[PlyCount "75"]
[EventDate "1993.12.??"]
[EventType "tourn"]
[EventRounds "11"]
[EventCountry "HUN"]
[EventCategory "2"]
[Source "Fruth,M"]
[SourceDate "2003.05.15"]

1. d4 d5 2. c4 e6 3. Nc3 c5 4. cxd5 cxd4 5. Qa4+ Bd7 6. Qxd4 exd5 7. Nf3 Nc6 8.
Qd3 Nf6 9. g3 Nb4 10. Qd1 Bc5 11. a3 Nc6 12. b4 d4 13. Na4 Be7 14. Bg2 O-O 15.
Nb2 Qb6 16. O-O Be6 17. Ng5 Bd5 18. e4 Be6 19. Nxe6 fxe6 20. Qb3 Kh8 21. Qxe6
Rae8 22. Qb3 Bd8 23. Nc4 Qc7 24. Qd3 b5 25. Nd2 Qb6 26. Nb3 Ng4 27. f4 Bf6 28.
Nc5 Rd8 29. h3 Ne3 30. e5 Be7 31. Bxe3 dxe3 32. Qxe3 Nd4 33. Rac1 a5 34. Rfd1
axb4 35. axb4 Nc2 36. Qf2 Nxb4 37. Nd7 Qxf2+ 38. Kxf2 1-0

[Event "AUT-ch"]
[Site "AUT"]
[Date "1994.??.??"]
[Round "7"]
[White "Beck, Hartmuth"]
[Black "Sommerbauer, Norbert"]
[Result "1/2-1/2"]
[WhiteElo "2285"]
[BlackElo "2365"]
[PlyCount "71"]
[EventDate "1994.??.??"]
[EventType "swiss"]
[EventRounds "9"]
[EventCountry "AUT"]
[Source "Fruth,M"]
[SourceDate "2003.05.15"]

1. d4 d5 2. c4 e6 3. Nc3 c5 4. cxd5 cxd4 5. Qxd4 Nc6 6. Qd1 exd5 7. Qxd5 Bd7 8.
Nf3 Nf6 9. Qb3 Bc5 10. Bg5 h6 11. Bxf6 Qxf6 12. Ne4 Qe7 13. Nxc5 Qxc5 14. Qc3
Qxc3+ 15. bxc3 Rc8 16. e3 Ke7 17. Nd4 Ne5 18. Kd2 Rc5 19. Be2 Rhc8 20. Rhc1 Ra5
21. Rcb1 b6 22. f4 Nc4+ 23. Bxc4 Rxc4 24. Rb4 Rc7 25. a4 Rac5 26. Ra3 Ra5 27.
h3 g5 28. Nb3 Rd5+ 29. Rd4 Bc6 30. g3 Rxd4+ 31. Nxd4 Bd7 32. f5 Rc5 33. e4 Ra5
34. Ke3 f6 35. Nc2 h5 36. h4 1/2-1/2

[Event "Budapest FS08 IM"]
[Site "Budapest"]
[Date "1994.??.??"]
[Round "5"]
[White "Petran, Pal"]
[Black "Szabo, Zsolt"]
[Result "1-0"]
[WhiteElo "2480"]
[BlackElo "2345"]
[PlyCount "73"]
[EventDate "1994.??.??"]
[EventType "tourn"]
[EventRounds "13"]
[EventCountry "HUN"]
[EventCategory "4"]
[Source "Fruth,M"]
[SourceDate "2003.05.15"]

1. d4 d5 2. c4 e6 3. Nc3 c5 4. cxd5 cxd4 5. Qa4+ Bd7 6. Qxd4 exd5 7. Qxd5 Nc6
8. Nf3 Nf6 9. Qd1 Bc5 10. e3 Qe7 11. a3 O-O-O 12. Qc2 Kb8 13. Be2 g5 14. b4 Bb6
15. Bb2 g4 16. Nh4 Rhe8 17. O-O Nh5 18. g3 Nf4 19. exf4 Nd4 20. Qd1 Bc6 21.
Bxg4 Nf3+ 22. Bxf3 Rxd1 23. Raxd1 Bxf3 24. Nxf3 f6 25. Nd5 Qf7 26. Bxf6 Bd8 27.
Ne5 Qe6 28. Bxd8 Rxd8 29. Ne3 Rxd1 30. Rxd1 a6 31. Nd7+ Kc8 32. Nc5 Qa2 33. a4
Qa3 34. Nd5 a5 35. Re1 Kb8 36. Re8+ Ka7 37. Re7 1-0

[Event "CZE-ch TT 199495"]
[Site "CZE"]
[Date "1995.??.??"]
[Round "6"]
[White "Babula, Vlastimil"]
[Black "Mozny, Milos"]
[Result "0-1"]
[WhiteElo "2530"]
[BlackElo "2435"]
[PlyCount "58"]
[EventDate "1994.??.??"]
[EventType "team"]
[EventCountry "CZE"]
[Source "Fruth,M"]
[SourceDate "2003.05.15"]

1. d4 d5 2. c4 e6 3. Nc3 c5 4. cxd5 cxd4 5. Qxd4 Nc6 6. Qd1 exd5 7. Qxd5 Bd7 8.
Nf3 Nf6 9. Qd1 Bc5 10. e3 Qe7 11. Be2 O-O-O 12. O-O Kb8 13. a3 g5 14. b4 Bb6
15. Bb2 Rhg8 16. b5 g4 17. bxc6 gxf3 18. Bxf3 Bxc6 19. Qe2 Rd2 20. Qxd2 Bxf3
21. g3 Qe6 22. e4 Nh5 23. Qd3 Nxg3 24. Qxf3 Qh3 25. Qf4+ Ka8 26. hxg3 Rxg3+ 27.
Qxg3 Qxg3+ 28. Kh1 Qh3+ 29. Kg1 Bc7 0-1